Statistics for Find The Mystery Country Using Color Clues #1

Click here to take the quiz!

General Stats

  • This quiz has been taken 11,378 times
    (10,861 since last reset)
  • The average score is 74 of 196

Answers on the Map

Answers color-coded by a green-red scale on the quiz's map according to % correct below.
Loading ...
CLOSEFAR
 

Answer Stats

Country% Correct
Russia
76%
France
72%
Germany
72%
United States
72%
United Kingdom
70%
China
60%
Poland
59%
Italy
58%
Spain
57%
Austria
57%
Switzerland
54%
Denmark
52%
Sweden
52%
Canada
52%
Norway
50%
Netherlands
47%
Greece
47%
Belgium
47%
Czech Republic
46%
India
46%
Brazil
46%
Iceland
46%
Egypt
45%
Ireland
45%
Mexico
45%
Hungary
44%
Turkey
44%
Australia
44%
Finland
43%
Iran
41%
Slovakia
41%
Japan
41%
Portugal
40%
Ukraine
40%
Luxembourg
40%
Liechtenstein
40%
Saudi Arabia
39%
Malta
39%
Algeria
39%
Mongolia
39%
Democratic Republic
of the Congo
39%
South Africa
39%
Serbia
39%
Croatia
39%
Romania
39%
Morocco
38%
Kazakhstan
38%
San Marino
38%
Iraq
38%
Republic of the Congo
38%
Vatican City
38%
Albania
37%
Argentina
37%
Estonia
37%
Israel
37%
Libya
37%
Bosnia and
Herzegovina
37%
Chile
36%
Peru
36%
Chad
36%
Syria
36%
Niger
36%
Afghanistan
36%
Georgia
36%
Indonesia
36%
Armenia
36%
Uzbekistan
36%
Cyprus
36%
Pakistan
36%
Sudan
36%
Bulgaria
36%
Cuba
36%
Colombia
36%
Andorra
36%
Panama
36%
Belarus
36%
Latvia
36%
Tunisia
36%
Monaco
36%
Kosovo
36%
New Zealand
36%
Mali
35%
Turkmenistan
35%
Kyrgyzstan
35%
Nigeria
35%
United Arab Emirates
35%
Oman
35%
Yemen
35%
Dominican Republic
35%
Venezuela
35%
Moldova
35%
North Macedonia
35%
Costa Rica
35%
Vietnam
35%
Nepal
35%
South Korea
35%
Bolivia
35%
Guatemala
35%
Lithuania
35%
Montenegro
35%
Fiji
35%
Lebanon
35%
Jordan
35%
Azerbaijan
35%
Cameroon
34%
Benin
34%
Kuwait
34%
Eritrea
34%
Burkina Faso
34%
Qatar
34%
Bahrain
34%
Central African Republic
34%
Mauritania
34%
Togo
34%
Cape Verde
34%
Senegal
34%
Guyana
34%
Saint Kitts and Nevis
34%
Dominica
34%
Barbados
34%
Ghana
34%
Federated States of
Micronesia
34%
Madagascar
34%
Grenada
34%
Marshall Islands
34%
Bahamas
34%
Suriname
34%
Laos
34%
Eswatini
34%
Haiti
34%
North Korea
34%
Thailand
34%
Botswana
34%
Nicaragua
34%
Paraguay
34%
Ecuador
34%
Brunei
34%
Philippines
34%
El Salvador
34%
Singapore
34%
Belize
34%
Lesotho
34%
Honduras
34%
Malaysia
34%
Taiwan
34%
Cambodia
34%
Jamaica
34%
East Timor
34%
Namibia
34%
Antigua and Barbuda
34%
Palau
34%
Uganda
34%
Tajikistan
34%
Gambia
34%
Samoa
34%
South Sudan
34%
Guinea
34%
Vanuatu
34%
Tuvalu
34%
Ethiopia
34%
Solomon Islands
34%
Kiribati
34%
Tonga
34%
Liberia
34%
São Tomé and Príncipe
34%
Gabon
34%
Somalia
34%
Myanmar
34%
Nauru
34%
Sri Lanka
34%
Mozambique
34%
Maldives
34%
Zimbabwe
34%
Bangladesh
34%
Papua New Guinea
34%
Malawi
34%
Rwanda
34%
Bhutan
34%
Zambia
34%
Angola
34%
Tanzania
34%
Burundi
34%
Kenya
34%
Uruguay
34%
Saint Lucia
33%
Mauritius
33%
Trinidad and Tobago
33%
Saint Vincent and the
Grenadines
33%
Comoros
33%
Seychelles
33%
Equatorial Guinea
33%
Sierra Leone
33%
Guinea-Bissau
33%
Ivory Coast
33%
Djibouti
33%
Mystery Country
33%

Score Distribution

Percentile by Number Answered

Percent of People with Each Score

Your Score History

You have not taken this quiz since the last reset